| 000 | 00584nam a2200205 a 4500 | ||
|---|---|---|---|
| 001 | 000043956 | ||
| 005 | 20201002045050.0 | ||
| 008 | 140512s1984 sp 000 0 spa d | ||
| 020 | _a8472233405 | ||
| 040 |
_aDO-SdBNP _bspa _cBNPHU |
||
| 100 | 1 |
_aCasado, Pablo _971899 |
|
| 245 | 1 | 0 |
_aTres días : _bTres noches / _cPablo Casado. |
| 246 | 1 | 0 | _aTres noches |
| 260 |
_aBarcelona : _bTusquets, _c1984. |
||
| 300 |
_a156 p. ; _c20 cm. |
||
| 490 | 1 |
_aLa Sonrisa vertical _v37 |
|
| 505 | 0 |
_aTres noches / _tPablo Casado |
|
| 740 | 4 | _aTres noche | |
| 830 | 0 |
_aLa Sonrisa vertical _v37 _919576 |
|
| 999 |
_c43445 _d43445 |
||